| 000 | 00752nam a2200217 i 4500 | ||
|---|---|---|---|
| 001 | bgj | ||
| 100 | 1 | _aARCARIO, Paul | |
| 245 | 1 | 0 |
_aHealthWatch : _bteacher's manual : answer key / _cPaul Arcario ; Susan Stempleski, series editor. |
| 260 |
_aEnglewood Cliffs : _bPrentice Hall Regents, _cc. 1994. |
||
| 300 |
_a45 pp ; _c22 cm. |
||
| 490 | 1 | _aABC News Intermediate ESL Video Library / Series edited by Susan Stempleski | |
| 650 | 9 | _aHealth | |
| 700 | 1 |
_aSTEMPLESKI, Susan. _eseries editor |
|
| 830 | 0 | _aABC News Intermediate ESL Video Library (Series edited by Susan Stempleski) | |
| 020 | _a013501669X (pbk) | ||
| 040 | _cBPK | ||
| 041 | 0 | _aeng | |
| 920 | _a0-13-501669-X (pbk) | ||
| 942 | _cKS | ||
| 008 | s uk f |000 0 eng | ||
| 999 |
_c50187 _d50187 |
||